Tin under control /

Bibliographic Details
Main Author: Knorr, Klaus, 1911-1990
Format: Book
Language:English
Published: Stanford University, Calif. : Food research institute, Stanford university, [1945]
Series:Commodity policy studies ; no. 5.
Subjects:

MARC

Tag First Indicator Second Indicator Subfields
LEADER 00000cam a2200000 4500
001 in00000068912
005 20151008050849.0
008 751128s1945 cau 00000 eng
010 |a a 45001107  
035 |a (OCoLC)01862352 
035 |9 AAG3895AM 
040 |a DLC  |c TOL  |d TXA  |d UtOrBLW 
049 |a TXAM  |c [129424] 
050 0 0 |a HD9539.T5  |b A312 
092 |a 338.2745  |b K72t 
100 1 |a Knorr, Klaus,  |d 1911-1990. 
245 1 0 |a Tin under control /  |c by K. E. Knorr. 
264 1 |a Stanford University, Calif. :  |b Food research institute, Stanford university,  |c [1945] 
300 |a xi, 314 pages :  |b including illustrations (map) tables, diagrams 2 maps on 1 leaf ;  |c 24 cm. 
336 |a text  |b txt  |2 rdacontent 
337 |a unmediated  |b n  |2 rdamedia 
338 |a volume  |b nc  |2 rdacarrier 
490 1 |a Leland Stanford junior university. Food research institute. Commodity policy studies,  |v no. 5 
650 0 |a Tin industry. 
830 0 |a Commodity policy studies ;  |v no. 5. 
999 |a MARS 
999 f f |s 9ea7c451-95ca-3f8c-92d4-4cc19be03edb  |i b51ecd87-1da9-3c76-ba6f-963464c82410  |t 0 
952 f f |p ric  |a Texas A&M University  |b Rellis Campus  |c Joint Library Facility  |d Remote Storage  |t 0  |e HD9539.T5 A312  |h Library of Congress classification  |i unmediated -- volume  |m A14800764017 
998 f f |a HD9539.T5 A312  |t 0  |l Remote Storage